| 000 | 01855nam a2200541 i 4500 | ||
|---|---|---|---|
| 001 | 47290 | ||
| 003 | KOSZ 005 | ||
| 005 | 20200820082016.0 | ||
| 008 | 200820s1987 pl a f 000 0 pol | ||
| 015 | _aUWD 1987/7765 | ||
| 020 | _a8302033367 | ||
| 035 | _a991007325199705066 | ||
| 035 | _a(PL-WaBN)b11901561-48omnis_nlop | ||
| 035 | _ab11901561 | ||
| 035 | _a(OCoLC)69630692 | ||
| 035 | _a(PL)b0000001190156 | ||
| 035 | _a(EXLNZ-48OMNIS_NETWORK)9910400029705606 | ||
| 040 |
_aWA N _cWA N _dKOSZ 005/RW |
||
| 041 | 0 |
_apol _geng _gfre _gger |
|
| 046 | _k1987 | ||
| 080 | _a37.016:81 | ||
| 100 | 1 |
_aBrzeziński, Jerzy _d(1923-1990) _eAutor |
|
| 245 | 1 | 0 |
_aNauczanie języków obcych dzieci / _cJerzy Brzeziński. |
| 260 |
_aWarszawa : _bWydawnictwa Szkolne i Pedagogiczne, _c1987. |
||
| 300 |
_a190, [1] stron : _brysunki ; _c21 cm. |
||
| 336 |
_aTekst _btxt _2rdacontent |
||
| 337 |
_aBez urządzenia pośredniczącego _bn _2rdamedia |
||
| 338 |
_aWolumin _bnc _2rdacarrier |
||
| 380 | _aKsiążki | ||
| 380 | _aPublikacje fachowe | ||
| 388 | 1 | _a1901-2000 | |
| 388 | 1 | _a1945-1989 | |
| 490 | 1 | _aBiblioteka Nauczycieli Języków Obcych | |
| 504 | _aBibliografia na stronach 185-[191]. | ||
| 546 | _aTekst częściowo w języku angielskim, francuskim, niemieckim. | ||
| 650 | 7 |
_aJęzyki _2DBN |
|
| 650 | 7 |
_aNauczanie _2DBN |
|
| 650 | 7 |
_aWychowanie przedszkolne _2DBN |
|
| 650 | 7 | _aSzkoły podstawowe | |
| 655 | 7 | _aOpracowanie | |
| 658 | _aEdukacja i pedagogika | ||
| 658 | _aJęzykoznawstwo | ||
| 710 | 2 |
_aWydawnictwa Szkolne i Pedagogiczne _4pbl |
|
| 830 | 0 | _aBiblioteka Nauczycieli Języków Obcych | |
| 856 |
_uhttp://koha.tu.koszalin.pl/cgi-bin/koha/opac-detail.pl?biblionumber=47290 _yKatalog online BPK |
||
| 942 |
_2UKD _cKS |
||
| 999 |
_c47290 _d47290 |
||